| 000 | 00482nam a2200205Ia 4500 | ||
|---|---|---|---|
| 008 | 130729s9999 xx 000 0 und d | ||
| 020 | _a048663518x | ||
| 072 | _aExpositions On Linear Algebra | ||
| 082 | _a512 | ||
| 082 | _bSh623 | ||
| 100 |
_aShilov, Georgi E. _9979 |
||
| 245 | _aLinear Algebra | ||
| 245 | _cShilov, Georgi E. | ||
| 260 | _aNew York | ||
| 260 | _bDover | ||
| 260 | _c1977 | ||
| 300 | _a334 | ||
| 300 | _fIllustration,index & reference | ||
| 942 | _cBK | ||
| 999 |
_c6814 _d6814 |
||